• 首页
  • 本馆介绍
  • 公告通知
  • 最新文献
  • 馆藏检索
  • 电子资源
  • 读者导购
  • 参考咨询
  • 我的图书馆
  • 登录
  • 详细信息显示
  • 放入我的书架
  • 预约/预借图书
  • 作者相关作品
  • 分类相关作品
  • 丛书相关作品
  • 出版社相关作品

书目信息

  • 表格格式
  • 工作单格式
  • 卡片格式
题名:
流体力学概论
    
 
作者: 普朗特 著 ;郭永怀 , 陆士嘉 译
分册:  
出版信息: 北京   科学出版社  1981
页数: 653页
开本: 21cm
丛书名: 力学名著译丛
单 册:
中图分类: O35
科图分类:
主题词: 流体力学
电子资源:
ISBN:
000 00828nam2 2200289 45
001 0181004927
005 20060510084116.92
010    @dCNY4.35@b精装
091    @a13031.1520
100    @a19950516d1981 em y0chiy0121 ea
101 1  @achi@cger
102    @aCN@b110000
105    @ay z 000yy
200 10 @a流体力学概论@Aliu ti li xue gai lun@f(德)普朗特(Ptandtl,L.)等著@g郭永怀,陆士嘉译
210    @a北京@c科学出版社@d1981
215    @a653页@d21cm
225 2  @a力学名著译丛
300    @a书名原文:Fuher Durch die Stromungslehre
410  0 @120010@a力学名著译丛
606    @a流体力学
690    @aO35@v3
701  1 @a普朗特@Apu lang te@bL.@4著
702  0 @a郭永怀@Aguo yong huai@4译
702  0 @a陆士嘉@Alu shi jia@4译
801  2 @aCN@bNLC@c20060510
801  0 @aCN@b上海图书馆@c20040518
905    @dO35@e13
    
    流体力学概论/(德)普朗特(Ptandtl,L.)等著/郭永怀,陆士嘉译.-北京:科学出版社,1981
    653页;21cm.-(力学名著译丛)
    书名原文:Fuher Durch die Stromungslehre
    
    ISBN (精装):CNY4.35
    
●
相关链接 在E读中查询图书 在五车中查询图书 在当当中查询图书 在豆瓣中查询图书


正题名:流体力学概论     索取号:O35/13         预约/预借

序号 登录号 条形码 馆藏地/架位号 状态 备注
1 0046198   000385906   第三借阅区/ [索取号:O35/13] 在馆    
2 0046199   202317652   密集书库/ [索取号:O35/13] 在馆    
3 0046200   202317858   密集书库/ [索取号:O35/13] 在馆    
4 0104005   000384195   第三借阅区/ [索取号:O35/13] 在馆    
5 0104006   000386157   第二样本阅览室/ [索取号:O35/13] 在馆    
唐山师范学院图书馆 欢迎您!
大连网信软件有限公司© 版权所有